<?xml version="1.0" encoding="UTF-8"?>
<record
    xmlns:xsi="http://www.w3.org/2001/XMLSchema-instance"
    xsi:schemaLocation="http://www.loc.gov/MARC21/slim http://www.loc.gov/standards/marcxml/schema/MARC21slim.xsd"
    xmlns="http://www.loc.gov/MARC21/slim">

  <leader>01444nam a22002297a 4500</leader>
  <controlfield tag="001">6183</controlfield>
  <controlfield tag="003">FISKH</controlfield>
  <controlfield tag="005">20250324164831.0</controlfield>
  <controlfield tag="008">250324b        cb ||||| |||| 00| 0 eng d</controlfield>
  <datafield tag="020" ind1=" " ind2=" ">
    <subfield code="a">9780198390244</subfield>
  </datafield>
  <datafield tag="040" ind1=" " ind2=" ">
    <subfield code="a">FISKH</subfield>
    <subfield code="b">eng</subfield>
    <subfield code="c">FISKH</subfield>
    <subfield code="d">FISKH</subfield>
  </datafield>
  <datafield tag="050" ind1=" " ind2=" ">
    <subfield code="a">PZ7</subfield>
  </datafield>
  <datafield tag="082" ind1=" " ind2=" ">
    <subfield code="a">530</subfield>
  </datafield>
  <datafield tag="100" ind1=" " ind2=" ">
    <subfield code="a">Reynolds, Helen</subfield>
  </datafield>
  <datafield tag="245" ind1=" " ind2=" ">
    <subfield code="a">Complete Physics for Cambridge Secondary 1 :</subfield>
    <subfield code="b">Cambridge Checkpoint and beyond /</subfield>
    <subfield code="c">By Helen Reynolds</subfield>
  </datafield>
  <datafield tag="250" ind1=" " ind2=" ">
    <subfield code="a">First published 2013</subfield>
  </datafield>
  <datafield tag="260" ind1=" " ind2=" ">
    <subfield code="a">Oxford : </subfield>
    <subfield code="b">Oxford University Press ;</subfield>
    <subfield code="c">2013.</subfield>
  </datafield>
  <datafield tag="300" ind1=" " ind2=" ">
    <subfield code="a">255 pages : </subfield>
    <subfield code="b">color illustrations ; </subfield>
    <subfield code="c">28 cm . </subfield>
  </datafield>
  <datafield tag="520" ind1=" " ind2=" ">
    <subfield code="a">This brand new course builds in crucial challenge material right from the start, enabling students to confidently leap into Cambridge IGCSERG Science study with a solid foundation in Physics. It is the best preparation for our bestselling Complete Science for Cambridge IGCSE course,facilitating seamless progression from Cambridge Secondary 1 Stage 9 right into Complete Physics for Cambridge IGCSE. Complete Physics for Cambridge Secondary 1 covers all three years of Cambridge Secondary 1 Physics in the same book, flowing smoothly from one stage to the next. Regular revision andextension exercises will help consolidate learning and then stretch and challenge students to reach the next level. It is endorsed by Cambridge International Examinations, so you know everything is covered.</subfield>
  </datafield>
  <datafield tag="942" ind1=" " ind2=" ">
    <subfield code="2">ddc</subfield>
    <subfield code="c">BK</subfield>
    <subfield code="n">0</subfield>
  </datafield>
  <datafield tag="999" ind1=" " ind2=" ">
    <subfield code="c">6183</subfield>
    <subfield code="d">6183</subfield>
  </datafield>
  <datafield tag="952" ind1=" " ind2=" ">
    <subfield code="0">0</subfield>
    <subfield code="1">0</subfield>
    <subfield code="2">ddc</subfield>
    <subfield code="4">0</subfield>
    <subfield code="7">0</subfield>
    <subfield code="8">NFIC</subfield>
    <subfield code="a">002</subfield>
    <subfield code="b">002</subfield>
    <subfield code="c">SNS</subfield>
    <subfield code="d">2025-03-24</subfield>
    <subfield code="l">0</subfield>
    <subfield code="o">REY PZ7 530</subfield>
    <subfield code="p">FISSE03065</subfield>
    <subfield code="r">2025-03-24 16:48:28</subfield>
    <subfield code="t">1</subfield>
    <subfield code="w">2025-03-24</subfield>
    <subfield code="y">BK</subfield>
  </datafield>
  <datafield tag="952" ind1=" " ind2=" ">
    <subfield code="0">0</subfield>
    <subfield code="1">0</subfield>
    <subfield code="2">ddc</subfield>
    <subfield code="4">0</subfield>
    <subfield code="7">0</subfield>
    <subfield code="8">NFIC</subfield>
    <subfield code="a">002</subfield>
    <subfield code="b">002</subfield>
    <subfield code="c">SNS</subfield>
    <subfield code="d">2025-04-24</subfield>
    <subfield code="l">0</subfield>
    <subfield code="o">REY PZ7 530</subfield>
    <subfield code="p">FISSE03089</subfield>
    <subfield code="r">2025-04-24 10:50:27</subfield>
    <subfield code="t">2</subfield>
    <subfield code="w">2025-04-24</subfield>
    <subfield code="y">BK</subfield>
  </datafield>
</record>
